LIBRARY & INFORMATION CENTRE, KCAET, TAVANUR

ONLINE PUBLIC ACCESS CATALOGUE (OPAC)

Exchange relations and poverty in dry land agriculture: Studies of south India / (Record no. 11108)

MARC details
000 -LEADER
fixed length control field 00489cam a2200169ua 4500
041 ## - LANGUAGE CODE
Language code of text/sound track or separate title eng
082 ## - DEWEY DECIMAL CLASSIFICATION NUMBER
Classification number 631.5861
Item number HAR/EX
100 ## - MAIN ENTRY--AUTHOR NAME
Personal name Harriss, Barbara .
245 ## - TITLE STATEMENT
Title Exchange relations and poverty in dry land agriculture: Studies of south India /
260 ## - PUBLICATION, DISTRIBUTION, ETC. (IMPRINT)
Place of publication New Delhi :
Name of publisher Concept Publishing Company ,
Year of publication 1984.
300 ## - PHYSICAL DESCRIPTION
Number of Pages 301 ; .
942 ## - ADDED ENTRY ELEMENTS (KOHA)
Koha item type Books
Holdings
Withdrawn status Lost status Damaged status Home library Current library Date acquired Full call number Accession Number Koha item type
      KAUAET KAUAET 26/03/1987 631.5861 16137 Books
free website counter